000 00502nam a2200181Ia 4500
005 20250508161754.0
008 008 250505s9999 xx 000 0 eng d
037 _aTextual
040 _aFEDL
_beng
_cFEDL
041 _aeng
_2eng
084 _a973.3, MOR
_qFEDL
100 _aMorris Richard B
245 0 _aAmerican revolution reconsidered
260 _aCalcutta, India
_bScientific book Agency
_c1967
300 _a177p
942 _cTEXL
_h973.3, MOR
999 _c1372092
_d1372092